Preliminary report of the economic mineral resources of Calhoun County / (Record no. 26450)

MARC details
000 -LEADER
fixed length control field 01040cam a22002531 4500
001 - CONTROL NUMBER
control field gs 26000137
003 - CONTROL NUMBER IDENTIFIER
control field DLC
005 - DATE AND TIME OF LATEST TRANSACTION
control field 20260227111330.0
008 - FIXED-LENGTH DATA ELEMENTS--GENERAL INFORMATION
fixed length control field 781023s1926 ilua b s000 0 eng c
010 ## - LIBRARY OF CONGRESS CONTROL NUMBER
LC control number gs 26000137
035 ## - SYSTEM CONTROL NUMBER
System control number (OCoLC)4311850
040 ## - CATALOGING SOURCE
Original cataloging agency U.S. Geol. survey. Library
Transcribing agency KWiU
Modifying agency DLC
042 ## - AUTHENTICATION CODE
Authentication code premarc
050 00 - LIBRARY OF CONGRESS CALL NUMBER
Classification number TN24.I3
Item number L3
100 1# - MAIN ENTRY--PERSONAL NAME
Personal name Lamar, J. E.
Fuller form of name (John Everts),
Dates associated with a name 1897-1979.
245 10 - TITLE STATEMENT
Title Preliminary report of the economic mineral resources of Calhoun County /
Statement of responsibility, etc. by J. E. Lamar. Printed by authority of the state of Illinois.
260 ## - PUBLICATION, DISTRIBUTION, ETC.
Place of publication, distribution, etc. Urbana, Ill.,
Date of publication, distribution, etc. 1926
300 ## - PHYSICAL DESCRIPTION
Extent 21 p.
Other physical details illus., tables, diagrs.
Dimensions 25 cm.
410 20 - SERIES STATEMENT/ADDED ENTRY--CORPORATE NAME [OBSOLETE, CAN/MARC], [LOCAL, USA]
Corporate name or jurisdiction name as entry element Illinois State Geological Survey
Title of a work Report of investigations,
Volume number/sequential designation no. 8
500 ## - GENERAL NOTE
General note At head of title: State of Illinois. Department of Registration and Education. Division of State Geological Survey.
504 ## - BIBLIOGRAPHY, ETC. NOTE
Bibliography, etc. note Bibliographical foot-notes.
650 #0 - SUBJECT ADDED ENTRY--TOPICAL TERM
Topical term or geographic name entry element Mines and mineral resources
Geographic subdivision Illinois
-- Calhoun County.
650 #0 - SUBJECT ADDED ENTRY--TOPICAL TERM
Topical term or geographic name entry element Geology, Economic
Geographic subdivision Illinois
-- Calhoun County.

No items available.

Powered by Koha